000 00734nam a2200253Ia 4500
003 OSt
005 20220923213500.0
006 a|||||r|||| 00| 0
007 ta
008 220922b |||||||| |||| 00| 0 hin d
024 _a162,346
037 _cTextual
040 _aARTS
_cARTS
_bhin
041 _2hin
_ahin
082 _aO152,.2N218x, L3
100 _aअमृत राय
245 0 _aआज अभी
246 _aĀj abhī
260 _aइलाहाबाद
_b हंस प्रकाशन
_c1973
300 _a206 पृ.
_ccm.
650 _aहिन्दी साहित्य
_9156264
942 _hO152,.2N218x, L3
_cTEXL
_2CC
999 _c316847
_d316847